Peralivukalukkup Pennkal Mugam Koduthal : (Record no. 5743)
[ view plain ]
| 000 -LEADER | |
|---|---|
| fixed length control field | 00269nam a2200085Ia 4500 |
| 008 - FIXED-LENGTH DATA ELEMENTS--GENERAL INFORMATION | |
| fixed length control field | 240331s9999 xx 000 0 und d |
| 100 ## - MAIN ENTRY--PERSONAL NAME | |
| Personal name | Emmanuel, S and Maunaguru, S. ed |
| 245 #0 - TITLE STATEMENT | |
| Title | Peralivukalukkup Pennkal Mugam Koduthal : |
| Remainder of title | Thennasiya Anubawangalum Sawaalkalum |
| 942 ## - Koha item type (Biblio) | |
| Koha item type | Books in Stacks (Lending) |
| Lost status | Damaged status | Collection code | Home library | Current library | Shelving location | Date acquired | Accession Number | Item type |
|---|---|---|---|---|---|---|---|---|
| Lending | WERC Library | WERC Library | Social Science Cupboard | 03/31/2024 | 6703 | Books in Stacks (Lending) |
